<?xml version="1.0" encoding="UTF-8"?>
<record
    xmlns:xsi="http://www.w3.org/2001/XMLSchema-instance"
    xsi:schemaLocation="http://www.loc.gov/MARC21/slim http://www.loc.gov/standards/marcxml/schema/MARC21slim.xsd"
    xmlns="http://www.loc.gov/MARC21/slim">

  <leader>05553nam a2200373uu 4500</leader>
  <controlfield tag="001">1347449</controlfield>
  <controlfield tag="005">20260508084440.0</controlfield>
  <controlfield tag="008">131018s2013                        spa  </controlfield>
  <datafield tag="020" ind1=" " ind2=" ">
    <subfield code="a">9789588843018</subfield>
  </datafield>
  <datafield tag="035" ind1=" " ind2=" ">
    <subfield code="a">1347449</subfield>
  </datafield>
  <datafield tag="040" ind1=" " ind2=" ">
    <subfield code="c">comduadb</subfield>
  </datafield>
  <datafield tag="041" ind1=" " ind2=" ">
    <subfield code="a">spa</subfield>
  </datafield>
  <datafield tag="080" ind1=" " ind2=" ">
    <subfield code="a">WM</subfield>
  </datafield>
  <datafield tag="082" ind1=" " ind2="4">
    <subfield code="a">362</subfield>
  </datafield>
  <datafield tag="100" ind1="1" ind2="0">
    <subfield code="a">Vel&#xE1;squez de Pab&#xF3;n, Elvia</subfield>
    <subfield code="4">aut</subfield>
    <subfield code="e">aut</subfield>
    <subfield code="9">512213</subfield>
  </datafield>
  <datafield tag="245" ind1="1" ind2="0">
    <subfield code="a">Fundamentos de medicina : adicciones, aspectos cl&#xED;nicos y psicosociales, tratamiento y prevenci&#xF3;n</subfield>
  </datafield>
  <datafield tag="250" ind1=" " ind2=" ">
    <subfield code="a">1. edici&#xF3;n</subfield>
  </datafield>
  <datafield tag="260" ind1=" " ind2=" ">
    <subfield code="a">Medell&#xED;n :</subfield>
    <subfield code="b">CIB (Corporaci&#xF3;n para Investigaciones Biol&#xF3;gicas),</subfield>
    <subfield code="c">2013.</subfield>
  </datafield>
  <datafield tag="300" ind1=" " ind2=" ">
    <subfield code="a">xxxviii, 639 p&#xE1;ginas :</subfield>
    <subfield code="b">ilustrado</subfield>
  </datafield>
  <datafield tag="505" ind1=" " ind2=" ">
    <subfield code="a">CONTENIDO : Contexto socio-cultural de las sustancias psicoactivas. -- Legislaci&#xF3;n y drogas. Bases jur&#xED;dicas y normas internacionales. -- Penalizaci&#xF3;n y despenalizaci&#xF3;n de las drogas. Dosis personal. -- Consideraciones &#xE9;ticas en adicciones. -- Epidemiolog&#xED;a del consumo de sustancias en Am&#xE9;rica Latina. -- Vigilancia epidemiol&#xF3;gica de las adicciones. -- Mecanismos neurobiol&#xF3;gicos de las adicciones. -- Conceptos b&#xE1;sicos y clasificaci&#xF3;n en adicciones. -- Historia natural de la enfermedad adictiva. -- Historia cl&#xED;nica en adicciones. -- Complicaciones m&#xE9;dicas no infecciosas del uso de sustancias psicoactivas. -- Complicaciones m&#xE9;dicas infecciosas del uso de sustancias psicoactivas. -- Patolog&#xED;a dual. Trastornos por sustancias y trastorno mental. -- Trastornos neuropsicol&#xF3;gicos en adicciones. -- Drogas e infecci&#xF3;n por VIH: v&#xED;nculo e impacto sobre pol&#xED;ticas p&#xFA;blicas. -- VIH/Sida y adicciones. Aspectos cl&#xED;nicos. -- Ayudas diagn&#xF3;sticas y biomarcadores para monitorizaci&#xF3;n en drogas de abuso. -- Neuroim&#xE1;genes en adicciones. -- Instrumentos cl&#xED;nicos y de tamizaje en adicciones. -- Tratamiento ambulatorio en adicciones. La consulta general. -- Urgencias, intoxicaciones y s&#xED;ndrome de abstinencia por drogas de abuso. -- El centro especializado en adicciones. Hospitalizaci&#xF3;n y tratamiento ambulatorio. -- Las adicciones en el hospital general. -- Medicamentos en investigaci&#xF3;n para la adicci&#xF3;n a drogas. -- Psicof&#xE1;rmacos en adicciones. Aspectos generales. -- Psicof&#xE1;rmacos en la pr&#xE1;ctica cl&#xED;nica de adicciones. -- Entrevista motivacional en adicciones. -- Bases para terapia individual y grupal en adicciones. -- Terapia cognitivo conductual en adicciones. -- Terapias conductuales seg&#xFA;n sustancias. -- Intervenci&#xF3;n psicoeducativa en adicciones desde la pedagog&#xED;a. -- Tratamientos de autoayuda y grupos de doce pasos. -- Aportes de la comunidad terap&#xE9;utica al abordaje de las adicciones. --.</subfield>
  </datafield>
  <datafield tag="505" ind1=" " ind2=" ">
    <subfield code="a">-- La terapia familiar en las adicciones. -- Prevenci&#xF3;n de reca&#xED;das en adicciones. -- Manejo de contingencias en adicciones. -- Evaluaci&#xF3;n y pron&#xF3;stico del tratamiento en adicciones. -- Evaluaci&#xF3;n de programas de prevenci&#xF3;n. -- Generalidades de la prevenci&#xF3;n. -- Programas de prevenci&#xF3;n de adicciones en la pr&#xE1;ctica. -- Alcohol. -- Opi&#xE1;ceos y hero&#xED;na. -- Marihuana (cannabis). -- Sedantes, hipn&#xF3;ticos y ansiol&#xED;ticos. -- Coca&#xED;na y derivados: clorhidrato, pasta b&#xE1;sica de coca&#xED;na y crack. -- Estimulantes tipo anfetaminas y otros. -- Drogas de s&#xED;ntesis y &#xE9;xtasis. -- Cafe&#xED;na (xantinas) y bebidas energizantes. -- Alucin&#xF3;genos. -- Tabaco: enfoque y tratamiento del paciente con dependencia. -- Inhalantes. -- Uso m&#xFA;ltiple de sustancias psicoactivas y policonsumo. -- Esteroides anabolizantes androg&#xE9;nicos - EAA. Doping. -- Abuso de medicamentos de prescripci&#xF3;n. -- Adicciones comportamentales, juego patol&#xF3;gico y otras adicciones. -- Adicciones en grupos especiales de poblaci&#xF3;n. -- Reducci&#xF3;n de da&#xF1;os asociados al consumo de drogas. -- Drogas y embarazo. -- Exposici&#xF3;n prenatal a drogas: efectos en el ni&#xF1;o y adolescente. -- Gen&#xE9;tica de las adicciones.</subfield>
  </datafield>
  <datafield tag="520" ind1="3" ind2=" ">
    <subfield code="a">Sin lugar a dudas, la fortaleza de este libro est&#xE1; basada en la capacidad profesional, conocimientos cient&#xED;ficos y cl&#xED;nicos y la dedicaci&#xF3;n total de sus editores, quienes representan lo mejor de Latinoam&#xE9;rica en el campo de la adicci&#xF3;n; por lo tanto, las oportunidades de este libro de contribuir a mejorar la situaci&#xF3;n actual en lo que respecta al impacto negativo de la adicci&#xF3;n no s&#xF3;lo es muy &#xFA;nico, sino tambi&#xE9;n muy vigente. Debido a ello, los editores de &#xE9;ste libro merecen nuestro respeto y admiraci&#xF3;n. El libro est&#xE1; organizado en siete secciones y sesenta cap&#xED;tulos, la primera secci&#xF3;n enfoca las generalidades que se observan en el campo de la adicci&#xF3;n, este tema es de vital importancia en el momento actual rsi reconocemos el impacto negativo que hoy se observa en toda la regi&#xF3;n iberoamericana aportando una visi&#xF3;n amplia en lo que se refiere a las conductas adictivas, a los resultados tan devastadores que se observan en la poblaci&#xF3;n que usa y abusa de substancias adictivas, as&#xED; como a la necesidad social de resolver este problema que tanto da&#xF1;o produce en esta parte del mundo, principalmente a la poblaci&#xF3;n joven, as&#xED; como tambi&#xE9;n a los sectores de pobreza de nuestro continente.</subfield>
  </datafield>
  <datafield tag="650" ind1=" " ind2=" ">
    <subfield code="a">Adicciones (Psicolog&#xED;a)</subfield>
    <subfield code="9">126519</subfield>
  </datafield>
  <datafield tag="650" ind1=" " ind2="7">
    <subfield code="a">Abuso de drogas</subfield>
    <subfield code="2">lemb</subfield>
    <subfield code="9">106742</subfield>
  </datafield>
  <datafield tag="650" ind1=" " ind2=" ">
    <subfield code="a">Dependencia a sustancias</subfield>
    <subfield code="9">153970</subfield>
  </datafield>
  <datafield tag="650" ind1=" " ind2=" ">
    <subfield code="a">Dependencia de morfina</subfield>
    <subfield code="9">159277</subfield>
  </datafield>
  <datafield tag="650" ind1=" " ind2=" ">
    <subfield code="a">Dependencia (Psicolog&#xED;a)</subfield>
    <subfield code="9">12019</subfield>
  </datafield>
  <datafield tag="650" ind1=" " ind2=" ">
    <subfield code="a">Consumo de drogas</subfield>
    <subfield code="9">15467</subfield>
  </datafield>
  <datafield tag="650" ind1=" " ind2="7">
    <subfield code="a">Drogadicci&#xF3;n</subfield>
    <subfield code="2">lemb</subfield>
    <subfield code="9">5448</subfield>
  </datafield>
  <datafield tag="700" ind1="1" ind2="0">
    <subfield code="a">Olaya Pel&#xE1;ez, &#xC1;lvaro</subfield>
    <subfield code="4">aut</subfield>
    <subfield code="e">aut</subfield>
    <subfield code="9">278982</subfield>
  </datafield>
  <datafield tag="700" ind1="1" ind2="0">
    <subfield code="a">Casta&#xF1;o P&#xE9;rez, Guillermo Alonso</subfield>
    <subfield code="4">aut</subfield>
    <subfield code="e">aut</subfield>
    <subfield code="9">414754</subfield>
  </datafield>
  <datafield tag="700" ind1="1" ind2="0">
    <subfield code="a">Castro Rey, Sergio</subfield>
    <subfield code="4">aut</subfield>
    <subfield code="e">aut</subfield>
    <subfield code="9">654526</subfield>
  </datafield>
  <datafield tag="942" ind1=" " ind2=" ">
    <subfield code="c">BOOK</subfield>
  </datafield>
  <datafield tag="999" ind1=" " ind2=" ">
    <subfield code="c">663468</subfield>
    <subfield code="d">663468</subfield>
  </datafield>
  <datafield tag="952" ind1=" " ind2=" ">
    <subfield code="0">0</subfield>
    <subfield code="1">0</subfield>
    <subfield code="4">0</subfield>
    <subfield code="7">0</subfield>
    <subfield code="8">GENERAL</subfield>
    <subfield code="a">BSP</subfield>
    <subfield code="b">BSP</subfield>
    <subfield code="d">2013-10-18</subfield>
    <subfield code="e">Material adquirido por donaci&#xF3;n</subfield>
    <subfield code="i">C1189900</subfield>
    <subfield code="l">0</subfield>
    <subfield code="o">WM176 V4-13</subfield>
    <subfield code="p">90287</subfield>
    <subfield code="r">2023-05-02 00:00:00</subfield>
    <subfield code="t">1</subfield>
    <subfield code="w">2023-05-02</subfield>
    <subfield code="y">BOOK</subfield>
  </datafield>
  <datafield tag="952" ind1=" " ind2=" ">
    <subfield code="0">0</subfield>
    <subfield code="1">0</subfield>
    <subfield code="4">0</subfield>
    <subfield code="7">0</subfield>
    <subfield code="8">HIS. MEDIC</subfield>
    <subfield code="a">BM</subfield>
    <subfield code="b">BM</subfield>
    <subfield code="d">2014-04-08</subfield>
    <subfield code="e">Material adquirido por donaci&#xF3;n</subfield>
    <subfield code="i">C1201351</subfield>
    <subfield code="l">0</subfield>
    <subfield code="o">WM176 V4-13 e5</subfield>
    <subfield code="p">92679</subfield>
    <subfield code="r">2023-05-02 00:00:00</subfield>
    <subfield code="t">2</subfield>
    <subfield code="w">2023-05-02</subfield>
    <subfield code="y">BOOKI</subfield>
  </datafield>
  <datafield tag="952" ind1=" " ind2=" ">
    <subfield code="0">0</subfield>
    <subfield code="1">0</subfield>
    <subfield code="4">0</subfield>
    <subfield code="7">0</subfield>
    <subfield code="8">GENERAL</subfield>
    <subfield code="a">BM</subfield>
    <subfield code="b">BM</subfield>
    <subfield code="d">2014-04-08</subfield>
    <subfield code="e">Material adquirido por donaci&#xF3;n</subfield>
    <subfield code="i">C1201352</subfield>
    <subfield code="l">3</subfield>
    <subfield code="o">WM176 V4-13 e4</subfield>
    <subfield code="p">92681</subfield>
    <subfield code="r">2023-12-11 00:00:00</subfield>
    <subfield code="s">2023-10-25</subfield>
    <subfield code="t">3</subfield>
    <subfield code="w">2023-05-02</subfield>
    <subfield code="y">BOOK</subfield>
  </datafield>
  <datafield tag="952" ind1=" " ind2=" ">
    <subfield code="0">0</subfield>
    <subfield code="1">0</subfield>
    <subfield code="4">0</subfield>
    <subfield code="7">0</subfield>
    <subfield code="8">GENERAL</subfield>
    <subfield code="a">BM</subfield>
    <subfield code="b">BM</subfield>
    <subfield code="d">2014-04-08</subfield>
    <subfield code="e">Material adquirido por donaci&#xF3;n</subfield>
    <subfield code="i">C1201354</subfield>
    <subfield code="l">1</subfield>
    <subfield code="o">WM176 V4-13 e3</subfield>
    <subfield code="p">92680</subfield>
    <subfield code="r">2024-04-15 00:00:00</subfield>
    <subfield code="s">2024-04-12</subfield>
    <subfield code="t">4</subfield>
    <subfield code="w">2023-05-02</subfield>
    <subfield code="y">BOOK</subfield>
  </datafield>
  <datafield tag="952" ind1=" " ind2=" ">
    <subfield code="0">0</subfield>
    <subfield code="1">0</subfield>
    <subfield code="4">0</subfield>
    <subfield code="7">0</subfield>
    <subfield code="8">GENERAL</subfield>
    <subfield code="a">BM</subfield>
    <subfield code="b">BM</subfield>
    <subfield code="d">2014-04-08</subfield>
    <subfield code="e">Material adquirido por donaci&#xF3;n</subfield>
    <subfield code="i">C1201355</subfield>
    <subfield code="l">0</subfield>
    <subfield code="o">WM176 V4-13 e2</subfield>
    <subfield code="p">92678</subfield>
    <subfield code="r">2023-05-02 00:00:00</subfield>
    <subfield code="t">5</subfield>
    <subfield code="w">2023-05-02</subfield>
    <subfield code="y">BOOK</subfield>
  </datafield>
  <datafield tag="952" ind1=" " ind2=" ">
    <subfield code="0">0</subfield>
    <subfield code="1">0</subfield>
    <subfield code="4">0</subfield>
    <subfield code="7">0</subfield>
    <subfield code="8">GENERAL</subfield>
    <subfield code="a">BM</subfield>
    <subfield code="b">BM</subfield>
    <subfield code="d">2014-04-08</subfield>
    <subfield code="e">Material adquirido por donaci&#xF3;n</subfield>
    <subfield code="i">C1201357</subfield>
    <subfield code="l">4</subfield>
    <subfield code="o">WM176 V4-13</subfield>
    <subfield code="p">92677</subfield>
    <subfield code="r">2026-05-14 17:54:13</subfield>
    <subfield code="s">2025-08-15</subfield>
    <subfield code="t">6</subfield>
    <subfield code="w">2023-05-02</subfield>
    <subfield code="y">BOOK</subfield>
  </datafield>
  <datafield tag="952" ind1=" " ind2=" ">
    <subfield code="0">0</subfield>
    <subfield code="1">0</subfield>
    <subfield code="4">0</subfield>
    <subfield code="7">0</subfield>
    <subfield code="8">GEN</subfield>
    <subfield code="a">BC</subfield>
    <subfield code="b">BC</subfield>
    <subfield code="d">2015-11-05</subfield>
    <subfield code="e">Material pagado con bono Cooprudea</subfield>
    <subfield code="g">62400.00</subfield>
    <subfield code="i">C1235615</subfield>
    <subfield code="l">1</subfield>
    <subfield code="o">362.29 V444</subfield>
    <subfield code="p">01009141</subfield>
    <subfield code="r">2025-09-11 11:43:11</subfield>
    <subfield code="s">2025-08-19</subfield>
    <subfield code="t">7</subfield>
    <subfield code="w">2023-05-02</subfield>
    <subfield code="y">BOOK</subfield>
  </datafield>
  <datafield tag="952" ind1=" " ind2=" ">
    <subfield code="0">0</subfield>
    <subfield code="1">0</subfield>
    <subfield code="4">0</subfield>
    <subfield code="7">0</subfield>
    <subfield code="8">GENERAL</subfield>
    <subfield code="a">ANDES</subfield>
    <subfield code="b">ANDES</subfield>
    <subfield code="d">2016-09-23</subfield>
    <subfield code="e">Librer&#xED;a Universidad de Antioquia</subfield>
    <subfield code="g">54375.00</subfield>
    <subfield code="i">C1251808</subfield>
    <subfield code="l">0</subfield>
    <subfield code="o">362.29 V444</subfield>
    <subfield code="p">1024146</subfield>
    <subfield code="r">2023-05-02 00:00:00</subfield>
    <subfield code="t">8</subfield>
    <subfield code="w">2023-05-02</subfield>
    <subfield code="y">BOOK</subfield>
  </datafield>
  <datafield tag="952" ind1=" " ind2=" ">
    <subfield code="0">0</subfield>
    <subfield code="1">0</subfield>
    <subfield code="4">0</subfield>
    <subfield code="7">0</subfield>
    <subfield code="8">GENERAL</subfield>
    <subfield code="a">ANDES</subfield>
    <subfield code="b">ANDES</subfield>
    <subfield code="d">2017-09-27</subfield>
    <subfield code="e">Librer&#xED;a Universidad de Antioquia</subfield>
    <subfield code="g">54375.00</subfield>
    <subfield code="i">C1269296</subfield>
    <subfield code="l">0</subfield>
    <subfield code="o">362.29 V444 e2</subfield>
    <subfield code="p">1044927</subfield>
    <subfield code="r">2023-05-02 00:00:00</subfield>
    <subfield code="t">9</subfield>
    <subfield code="w">2023-05-02</subfield>
    <subfield code="y">BOOK</subfield>
  </datafield>
  <datafield tag="952" ind1=" " ind2=" ">
    <subfield code="0">0</subfield>
    <subfield code="1">0</subfield>
    <subfield code="4">0</subfield>
    <subfield code="7">0</subfield>
    <subfield code="8">GENERAL</subfield>
    <subfield code="a">BOCCI</subfield>
    <subfield code="b">BOCCI</subfield>
    <subfield code="d">2018-02-23</subfield>
    <subfield code="e">Transferencia intrauniversitaria</subfield>
    <subfield code="g">54400.00</subfield>
    <subfield code="i">C1278275</subfield>
    <subfield code="l">0</subfield>
    <subfield code="o">362.29 V444</subfield>
    <subfield code="p">1041519</subfield>
    <subfield code="r">2023-05-02 00:00:00</subfield>
    <subfield code="t">10</subfield>
    <subfield code="w">2023-05-02</subfield>
    <subfield code="y">BOOK</subfield>
  </datafield>
</record>
